Central Library and Information Centre
Sibsagar Girls' College, Sivasagar : Assam

INTERNATIONAL RELATIONS AND POLITICS (Record no. 3606)

MARC details
000 -LEADER
fixed length control field 00405cam a2200169ua 4500
008 - FIXED-LENGTH DATA ELEMENTS--GENERAL INFORMATION
fixed length control field 150917n II |||gr||||Z||||||eng
040 ## - CATALOGING SOURCE
Original cataloging agency MAIN
041 ## - LANGUAGE CODE
-- English
082 ## - DEWEY DECIMAL CLASSIFICATION NUMBER
Classification number 327 JOH
100 ## - MAIN ENTRY--PERSONAL NAME
Personal name JOHARI, J.C.
245 ## - TITLE STATEMENT
Title INTERNATIONAL RELATIONS AND POLITICS
260 ## - PUBLICATION, DISTRIBUTION, ETC.
Place of publication, distribution, etc. [s.l]:
Name of publisher, distributor, etc. STERLING PUB.,
Date of publication, distribution, etc. 2004.
300 ## - PHYSICAL DESCRIPTION
Extent 489:
Dimensions 23CM.
942 ## - ADDED ENTRY ELEMENTS (KOHA)
Koha item type Books
653 ## - INDEX TERM--UNCONTROLLED
Uncontrolled term International relations
Holdings
Withdrawn status Lost status Damaged status Not for loan Collection code Home library Current library Shelving location Date acquired Full call number Barcode Date last seen Copy number Price effective from Koha item type Public note
        TBPSC Central Library and Information Centre Sibsagar Girls College Central Library and Information Centre Sibsagar Girls College POLITICAL SC BOOK RACK 01.08.2006 327 JOH 21185 27.02.2020 1 27.02.2020 Books V


Sibsagar Girl's College © 2020. All rights reserved.
Powered by Koha.
Maintained by Abhijit Borpuzari.